[Event "Zlota Wieze 50"]
[Site "Pultusk"]
[Date "2008.07.03"]
[Round "6.4"]
[White "Stecyk, Jozef"]
[Black "Nurkiewicz, Maciej"]
[Result "0-1"]
[WhiteElo "2012"]
[BlackElo "2381"]
[PlyCount "52"]
[EventDate "2008.06.30"]
[EventType "team"]
[EventRounds "9"]
[EventCountry "POL"]
[SourceTitle "EXT 2020"]
[Source "ChessBase"]
[SourceDate "2019.10.17"]
[SourceVersion "1"]
[SourceVersionDate "2019.10.17"]
[SourceQuality "1"]

1. b4 e5 2. Bb2 f6 3. b5 d5 4. e3 Be6 5. Nf3 Nd7 6. Be2 Bd6 7. d3 c5 8. 0-0 Ne7 9. c4 d4 10. e4 0-0 11. Nbd2 g6 12. Nb3 Kg7 13. Bc1 h6 14. Ne1 f5 15. f3 f4 16. g4 h5 17. h3 Rh8 18. Ng2 hxg4 19. hxg4 Rh3 20. Kf2 Qh8 21. Rg1 Rh2 22. Ke1 Qh3 23. Bf1 Qg3+ 24. Ke2 Bxg4 25. Nd2 Bh3 26. Qe1 Bxg2 0-1

[Event "Rail 4 countries 21st"]
[Site "Litice"]
[Date "2005.06.18"]
[Round "3.5"]
[White "Stecyk, Jozef"]
[Black "Reist, Daniel"]
[Result "1/2-1/2"]
[WhiteElo "2000"]
[BlackElo "2138"]
[PlyCount "43"]
[EventDate "2005.06.17"]
[EventType "team-tourn"]
[EventRounds "3"]
[EventCountry "CZE"]
[SourceTitle "EXT 2007"]
[Source "ChessBase"]
[SourceDate "2006.11.23"]
[SourceVersion "1"]
[SourceVersionDate "2006.11.23"]
[SourceQuality "1"]

1. d4 d5 2. e3 e6 3. Nf3 Nf6 4. c4 c5 5. Nc3 cxd4 6. Nxd4 Be7 7. cxd5 Nxd5 8. Bb5+ Bd7 9. Nxd5 exd5 10. 0-0 Nc6 11. Nxc6 bxc6 12. Bd3 0-0 13. b3 Bf6 14. Rb1 Re8 15. Qc2 g6 16. Bb2 Bxb2 17. Qxb2 Qg5 18. Rfd1 h5 19. Rbc1 h4 20. Be2 h3 21. g3 Re7 22. Bf3 1/2-1/2

[Event "POL-chT 2nd div North"]
[Site "Lublin"]
[Date "1999.??.??"]
[Round "7"]
[White "Mazalon, Mariusz"]
[Black "Stecyk, Jozef"]
[Result "1/2-1/2"]
[WhiteElo "2225"]
[BlackElo "2015"]
[PlyCount "52"]
[EventDate "1999.09.11"]
[EventType "team-swiss"]
[EventRounds "8"]
[EventCountry "POL"]
[SourceTitle "EXT 2003"]
[Source "ChessBase"]
[SourceDate "2002.11.25"]
[SourceVersion "1"]
[SourceVersionDate "2002.11.25"]
[SourceQuality "1"]
[WhiteTeam "Bydgoszcz Chemik"]
[BlackTeam "POL-chT 2nd div North 1"]
[WhiteTeamCountry "POL"]
[BlackTeamCountry "POL"]

1. d4 d5 2. c4 e6 3. g3 c6 4. Bg2 Bd6 5. Qc2 Nd7 6. Nf3 Ngf6 7. 0-0 0-0 8. Nc3 Re8 9. Rd1 Qe7 10. e4 dxe4 11. Nxe4 Nxe4 12. Qxe4 e5 13. d5 cxd5 14. Qxd5 Bc7 15. Bg5 Nf6 16. Qb5 Kf8 17. Nd2 h6 18. Bxf6 Qxf6 19. c5 Rb8 20. Ne4 Qe7 21. Nd6 Bd7 22. Qd3 Bxd6 23. Qh7 f5 24. cxd6 Qf7 25. Bd5 Be6 26. d7 Qxd7 1/2-1/2